Statistics for Electric Touch (TV) - Taylor Swift (All Lyrics)

Click here to take the quiz!

General Stats

  • This quiz has been taken 13 times
  • The average score is 290 of 337

Answer Stats

Lyrics% Correct
a
100%
electric
100%
for
100%
of
100%
to
100%
touch,
100%
touch
100%
you
100%
your
100%
All
92%
all
92%
an
92%
back
92%
be
92%
break
92%
could
92%
ever
92%
feelin'
92%
first
92%
goin'
92%
got
92%
Got
92%
heart
92%
I
92%
in
92%
In
92%
is
92%
it
92%
just
92%
Just
92%
(Just
92%
know
92%
me
92%
my
92%
no
92%
not
92%
okay
92%
or
92%
Or
92%
out
92%
the
92%
(The
92%
time
92%
time)
92%
time,
92%
up
92%
And
83%
and
83%
badly
83%
breathe,
83%
bring
83%
burn
83%
car's
83%
driveway
83%
either
83%
ending
83%
every
83%
fill
83%
ghost
83%
hard
83%
history
83%
hour
83%
I'm
83%
it'll
83%
I've
83%
(Life)
83%
life
83%
like
83%
look
83%
love
83%
on
83%
one
83%
relax,
83%
sadly
83%
see
83%
stories
83%
that
83%
things
83%
this
83%
'til
83%
town
83%
tryin'
83%
wanna
83%
with
83%
'Cause
75%
fire
75%
forever
75%
hangin'
75%
heat
75%
hoping
75%
It's
75%
left
75%
lost
75%
money
75%
need
75%
now,
75%
right
75%
right)
75%
tonight
75%
tried
75%
trying
75%
two
75%
want
75%
won't
75%
8:05
67%
accustomed
67%
align
67%
alone
67%
apart
67%
been
67%
call
67%
callin'
67%
decide
67%
fell
67%
get
67%
gotten
67%
grown
67%
headlights
67%
maybe
67%
Maybe
67%
mine
67%
mmm
67%
moment's
67%
phone
67%
rain
67%
sleepin'
67%
stars
67%
Still
67%
Still,
67%
string
67%
takes
67%
thinking
67%
used
67%
was
67%
while
67%
along
58%
pining
58%
space
58%
(Ooh)
50%
(Woah)
42%

Score Distribution

Percentile by Number Answered

Percent of People with Each Score

Your Score History

You have not taken this quiz